skbl

Dr Suryya Kumar Bhuyan Library Web-OPAC
ডঃ সূৰ্য্য
কুমাৰ ভূঞা পুথিভঁৰাল ৱেব-অ'পেক

All Research Scholars are advised to clear the annual library fees to continue using Library Resources, Remote Access, Plagiarism Test and Library Clearance.

Cotton University Book Fair 2026

Fundamentals of Plant Physiology / (Record no. 52462)

MARC details
000 -LEADER
fixed length control field 00628nam a2200217Ia 4500
001 - CONTROL NUMBER
control field 52498
008 - FIXED-LENGTH DATA ELEMENTS--GENERAL INFORMATION
fixed length control field 080101s2009 ii g b000 u 903 u
020 ## - INTERNATIONAL STANDARD BOOK NUMBER
International Standard Book Number 81-219-0462-5
041 ## - LANGUAGE CODE
Language code of text/sound track or separate title 903
082 ## - DEWEY DECIMAL CLASSIFICATION NUMBER
Classification number 581.1
100 ## - MAIN ENTRY--PERSONAL NAME
Personal name Jain, V.K. .,
Relator term Author.
245 #0 - TITLE STATEMENT
Title Fundamentals of Plant Physiology /
Statement of responsibility, etc. Dr. V.K. Jain.
Medium Textual Documents
250 ## - EDITION STATEMENT
Edition statement 11th revised ed. /
260 ## - PUBLICATION, DISTRIBUTION, ETC.
Place of publication, distribution, etc. New Delhi :
Name of publisher, distributor, etc. S.Chand & Company Ltd. ,
Date of publication, distribution, etc. 2009.
300 ## - PHYSICAL DESCRIPTION
Extent 626pg ;
Dimensions 21cm.
500 ## - GENERAL NOTE
General note Acc no (305//Rusa) of this title is of 18th rev ed-2016
653 ## - INDEX TERM--UNCONTROLLED
Uncontrolled term Botany
653 ## - INDEX TERM--UNCONTROLLED
Uncontrolled term Plant Physiology
653 ## - INDEX TERM--UNCONTROLLED
Uncontrolled term G- Botany
942 ## - ADDED ENTRY ELEMENTS (KOHA)
Source of classification or shelving scheme Dewey Decimal Classification
Koha item type Books
Holdings
Withdrawn status Lost status Damaged status Not for loan Collection Home library Current library Date acquired Coded location qualifier Total checkouts Total renewals Full call number Barcode Date due Date last seen Date last checked out Copy number Price effective from Koha item type Shelving location
          Dr. Suryya Kumar Bhuyan Library Dr. Suryya Kumar Bhuyan Library 01/02/2012 00000 5 5 581.1 Ja 199 Fu 925/Bot 28/01/2026 06/01/2026 06/01/2026 2 01/02/2012 Books  
          Dr. Suryya Kumar Bhuyan Library Dr. Suryya Kumar Bhuyan Library 01/02/2012 00000 2 1 581.1 Ja 199 Fu 305/Rusa 11/03/2026 18/02/2026 18/02/2026 3 01/02/2012 Books  
          Dr. Suryya Kumar Bhuyan Library Dr. Suryya Kumar Bhuyan Library 01/02/2012 00000     581.1 Ja 199 Fu 924/Bot   14/01/2024   1 01/02/2012 Books  

Designed and Maintained by Team SKBL
©1901-2026

Powered by Koha